Estadísticas para Países más cercanos a Finlandia

Haz click aquí para intentar la prueba.

Estadísticas generales

  • Esta prueba ha sido intentada 72 veces
  • La puntuación promedio es 18 de 20

Estadísticas de respuestas

kmpaís% Correcto
718Alemania
100%
47Estonia
100%
213Letonia
100%
378Lituania
100%
0Noruega
100%
0Rusia
100%
0Suecia
100%
575Dinamarca
98%
603Polonia
98%
470Bielorrusia
93%
879Ucrania
93%
1262Austria
91%
1153Eslovaquia
89%
1256Hungría
89%
1071Países Bajos
88%
1306Rumania
86%
1044Chequia
84%
1315Bélgica
82%
1291Moldavia
75%
1106Reino Unido
72%

Distribución de puntuación

Porcentaje por número respondido

Porcentaje de gente con cada puntuación

Historial de tus puntuaciones

No has intentado esta prueba.